000 00682nam a22001937a 4500
999 _c780
_d780
005 20251125232733.0
008 s2530 th tha d
040 _aNALT
041 _atha
050 _aHF5548.8 บ7จ
100 0 _aบุญทัน ดอกไธสง
245 1 0 _aจิตวิทยาการบริหาร
260 3 _aกรุงเทพฯ :
_bบพิธการพิมพ์,
_c2530
300 _a148 หน้า :
_b ภาพประกอบ, ตาราง
650 0 4 _aจิตวิทยาอุตสาหกรรม
850 _aNALT
856 4 0 _uhttps://hdl.handle.net/20.500.14156/444035
_71
942 _cGB
_2lcc